Logo BPK

Biblioteka

Politechniki Koszalińskiej

Spinovaja temperatura i jamr w tverdych telach / (Rekord nr 15195)

Szczegóły MARC
000 -ETYKIETA REKORDU
podpole kontrolne o stałej długości 00548nam a2200193 i 4500
001 - NUMER KONTROLNY REKORDU
pole kontrolne bg
040 ## - ŹRÓDŁO KATALOGOWANIA
Instytucja, która utworzyła rekord BPK
041 ## - KOD JĘZYKA
Kod języka tekstu pol
080 ## - UNIWERSALNA KLASYFIKACJA DZIESIĘTNA - UKD
UKD 539.14+538.9
008 - POLE O STAŁEJ DŁUGOŚCI - DANE KONTROLNE
podpole kontrolne o stałej długości s pl f |000 0 pol
100 1# - NAZWA OSOBOWA
Nazwa osobowa GOLDMAN, Maurice
245 #0 - TYTUŁ/ODPOWIEDZIALNOŚĆ
Tytuł Spinovaja temperatura i jamr w tverdych telach /
Pozostałe elementy strefy tytułu i oznaczenia odpowiedzialności Maurice Goldman ; Perevod s angl.
260 ## - STREFA ADRESU WYDAWNICZEGO
Miejsce wydania Moskva :
Nazwa wydawcy/dystrybutora "Mir",
Data publikacji, dystrybucji/powstania dokumentu 1972.
300 ## - STREFA OPISU FIZYCZNEGO
Objętość s. 342 :
Inne cechy fizyczne rys., tab., tabl.
500 ## - UWAGI OGÓLNE
Tekst uwagi [Tyt. również w jęz. ang.].
500 ## - UWAGI OGÓLNE
Tekst uwagi [Alf. ros.].
504 ## - UWAGA DOTYCZĄCA BIBLIOGRAFII
Informacje o bibliografii [Zawiera bibliogr. s. 339].
856 ## - LOKALIZACJA I DOSTĘP DO ELEKTRONICZNYCH DOKUMENTÓW ZDALNYCH
Link (URL) http://koha.tu.koszalin.pl/cgi-bin/koha/opac-detail.pl?biblionumber=15195
Tekst linku Katalog online BPK
942 ## - DODATKOWE ELEMENTY (KOHA)
Typ dokumentu Książka
Egzemplarze
Wycofany Status egzemplarza Uszkodzony Dostępność Lokalizacja stała Lokalizacja bieżąca Miejsce przechowywania Sygnatura Kod kreskowy Typ dokumentu
      Dostępny Biblioteka Politechniki Koszalińskiej Biblioteka Politechniki Koszalińskiej Wypożyczalnia BG 15724 01730524 Książka
© 2023 Biblioteka Politechniki Koszalińskiej :: KOHA